| 000 | 01024 a2200241 4500 | ||
|---|---|---|---|
| 001 | 126896 | ||
| 020 | _a9781407162454 | ||
| 040 | _cEscola Canadense de Niteroi | ||
| 090 | _aAUS | ||
| 100 | _aAusten, Jane | ||
| 245 | 1 | 0 | _aSense and sensibility |
| 250 | _a1st. ed. | ||
| 260 | _aUnited Kingdom | ||
| 300 |
_a417 p. _c1 x 1.14 x 7.99 inches |
||
| 362 | 0 | _a2015 | |
| 490 | 0 | _aScholastic Classics | |
| 520 | _aMarianne Dashwood wears her heart on her sleeve, and when she falls for charming but unsuitable John Willoughby, her romantic disappointment is a secret from no one – much to the dismay of her sister Elinor, who fears for her reputation. By contrast, cautious Elinor appears to be mistress of her feelings – not even Marianne knows of the heartbreak she is nursing. Can the sisters, in pursuit of happiness, find a balance between prudence and passion? | ||
| 650 | 4 | _aSisters | |
| 650 | 4 | _aYoung Adult Literature | |
| 650 | 4 | _aRomance (English) | |
| 650 | 4 | _aFeelings and Emotions | |
| 942 | _cBK | ||
| 999 |
_c126896 _d126896 |
||